[Event "Maria Albulet Memorial 2018"]
[Site "Braila"]
[Date "2018.11.09"]
[Round "8"]
[White "Mihailova, Alina"]
[Black "Uzuneanu, Gabriela"]
[Result "1-0"]
[WhiteElo "1790"]
[BlackElo "1571"]
[Annotator "NA"]
[PlyCount "63"]
[EventDate "2018.11.03"]
[EventType "swiss"]
[EventCountry "ROU"]
[SourceTitle "playchess.com"]
[Source "ChessBase"]
[SourceQuality "1"]
[TimeControl "40/5400+30:900+30"]

1. d4 {[%emt 0:00:00]} d5 {[%emt 0:00:00]} 2. c4 {[%emt 0:00:00]} e6 {[%emt 0:00:00]} 3. Nc3 {[%emt 0:00:51]} Nf6 {[%emt 0:00:00]} 4. cxd5 {[%emt 0:00:59]} Nxd5 {[%emt 0:00:20]} 5. e4 {[%emt 0:00:14]} Nxc3 {[%emt 0:01:01]} 6. bxc3 {[%emt 0:00:02]} Nd7 {[%emt 0:02:09]} 7. Bd3 {[%emt 0:00:34]} Nb6 {[%emt 0:02:36]} 8. Ne2 {[%emt 0:01:31]} Bd7 {[%emt 0:01:46]} 9. Be3 {[%emt 0:02:42]} Rc8 {[%emt 0:01:54]} 10. O-O {[%emt 0:01:24]} c5 {[%emt 0:00:43]} 11. f4 {[%emt 0:10:30]} Be7 {[%emt 0:02:58]} 12. Ng3 {[%emt 0:02:04]} cxd4 {[%emt 0:16:27]} 13. cxd4 {[%emt 0:01:01]} Nc4 {[%emt 0:00:16]} 14. Bxc4 {[%emt 0:13:41]} Rxc4 {[%emt 0:00:32]} 15. Qg4 {[%emt 0:01:26]} g6 {[%emt 0:00:56]} 16. f5 {[%emt 0:08:13]} exf5 {[%emt 0:02:18]} 17. exf5 {[%emt 0:01:24]} Qc8 {[%emt 0:00:34]} 18. Rae1 {[%emt 0:01:21]} Kd8 {[%emt 0:10:21]} 19. Bg5 {[%emt 0:03:48]} f6 {[%emt 0:00:09]} 20. Rxe7 {[%emt 0:08:01]} Kxe7 {[%emt 0:05:26]} 21. Qe4+ {[%emt 0:00:15]} Kd8 {[%emt 0:04:38]} 22. Bxf6+ {[%emt 0:00:13]} Kc7 {[%emt 0:00:03]} 23. Qe5+ {[%emt 0:00:12]} Kb6 {[%emt 0:00:09]} 24. Bxh8 {[%emt 0:00:51]} gxf5 {[%emt 0:02:47]} 25. Bf6 {[%emt 0:08:37]} Ra4 {[%emt 0:02:02]} 26. Rb1+ {[%emt 0:04:24]} Ka6 {[%emt 0:00:20]} 27. Qe2+ {[%emt 0:03:38]} Ka5 {[%emt 0:00:12]} 28. Nxf5 {[%emt 0:01:17]} Qf8 {[%emt 0:02:22]} 29. Qe5+ {[%emt 0:01:13]} Ka6 {[%emt 0:00:15]} 30. Nd6 {[%emt 0:00:50]} b6 {[%emt 0:00:40]} 31. Qe2+ {[%emt 0:00:13]} Ka5 {[%emt 0:00:05]} 32. Nb7# {[%emt 0:00:05]} 1-0

[Event "Maria Albulet Memorial 2018"]
[Site "Braila"]
[Date "2018.11.09"]
[Round "8"]
[White "Hrib, Andrada-Ioana"]
[Black "Didiliuc, Dariana-Gabriela"]
[Result "1/2-1/2"]
[WhiteElo "1770"]
[BlackElo "1784"]
[Annotator "NA"]
[PlyCount "50"]
[EventDate "2018.11.03"]
[EventType "swiss"]
[EventCountry "ROU"]
[SourceTitle "playchess.com"]
[Source "ChessBase"]
[SourceQuality "1"]
[TimeControl "40/5400+30:900+30"]

1. d4 {[%emt 0:00:00]} Nf6 {[%emt 0:00:00]} 2. Bg5 {[%emt 0:00:00]} d5 {[%emt 0:00:00]} 3. Nf3 {[%emt 0:00:00]} c6 {[%emt 0:00:31]} 4. e3 {[%emt 0:00:01]} Bf5 {[%emt 0:00:11]} 5. Bd3 {[%emt 0:00:23]} Bxd3 {[%emt 0:00:09]} 6. Qxd3 {[%emt 0:00:02]} e6 {[%emt 0:00:15]} 7. O-O {[%emt 0:00:09]} Bd6 {[%emt 0:00:14]} 8. c4 {[%emt 0:00:05]} Nbd7 {[%emt 0:00:13]} 9. cxd5 {[%emt 0:00:10]} cxd5 {[%emt 0:00:15]} 10. Nc3 {[%emt 0:00:11]} a6 {[%emt 0:00:16]} 11. Rac1 {[%emt 0:00:08]} O-O {[%emt 0:00:14]} 12. Bxf6 {[%emt 0:00:14]} Qxf6 {[%emt 0:01:08]} 13. e4 {[%emt 0:00:32]} dxe4 {[%emt 0:00:21]} 14. Nxe4 {[%emt 0:00:02]} Qe7 {[%emt 0:00:12]} 15. Nxd6 {[%emt 0:00:06]} Qxd6 {[%emt 0:00:05]} 16. Rfd1 {[%emt 0:00:08]} Nf6 {[%emt 0:00:14]} 17. Ne5 {[%emt 0:00:13]} Rac8 {[%emt 0:01:04]} 18. Rxc8 {[%emt 0:00:13]} Rxc8 {[%emt 0:00:06]} 19. h3 {[%emt 0:00:17]} h6 {[%emt 0:00:36]} 20. Nc4 {[%emt 0:00:43]} Qc6 {[%emt 0:00:34]} 21. Ne3 {[%emt 0:00:06]} Nd5 {[%emt 0:00:12]} 22. Nxd5 {[%emt 0:00:11]} Qxd5 {[%emt 0:00:14]} 23. Re1 {[%emt 0:00:10]} Rd8 {[%emt 0:00:30]} 24. Qe4 {[%emt 0:00:17]} Qxe4 {[%emt 0:00:10]} 25. Rxe4 {[%emt 0:00:02]} Rd5 {[%emt 0:00:12]} 1/2-1/2

[Event "Maria Albulet Memorial 2018"]
[Site "Braila"]
[Date "2018.11.09"]
[Round "8"]
[White "Maria, Lia-Alexandra"]
[Black "Makropoulou, Marina"]
[Result "0-1"]
[WhiteElo "1479"]
[BlackElo "2110"]
[Annotator "TA"]
[PlyCount "62"]
[EventDate "2018.11.03"]
[EventType "swiss"]
[EventCountry "ROU"]
[SourceTitle "playchess.com"]
[Source "ChessBase"]
[SourceQuality "1"]

{[%evp 19,62,17,12,8,18,-11,-14,-11,-11,-27,-33,-193,-187,-193,-199,-193,-197,-232,-219,-272,-273,-274,-276,-269,-292,-337,-302,-276,-210,-246,-207,-343,-337,-310,-173,-350,-334,-415,-403,-416,-332,-1309,-1308,-1288,-1264]} 1. d4 Nf6 2. Nf3 e6 3. c4 Bb4+ 4. Bd2 a5 5. Nc3 O-O 6. e3 b6 7. Bd3 Bb7 8. O-O d6 {E11: Bogo-Indian} 9. a3 (9. Rc1 Nbd7 10. Qe2 Bxc3 11. Bxc3 Ne4 12. Nd2 f5 13. Bxe4 fxe4 14. Qg4 Rf6 15. Nxe4 Rg6 16. Qf3 {1-0 (35) Anton Guijarro,D (2652)-Forcen Esteban,D (2569) Linares 2018}) 9... Bxc3 10. Bxc3 Ne4 {LiveBook: 3 Games. The position is equal.} 11. Rc1 Nd7 12. Re1 $146 ({Predecessor:} 12. b3 f5 13. Bb2 Qe7 {½-½ (54) Olson,H (2229)-Gutman,G (2476) Pardubice 2018}) 12... f5 13. Nd2 Qh4 14. g3 Qh6 {Strongly threatening ...Nxf2!} 15. Bf1 $2 {[#]} (15. Qe2 $15) 15... Nxf2 $1 $19 {[%mdl 512]} 16. Qe2 (16. Kxf2 Qxh2+) 16... Nh3+ 17. Bxh3 Qxh3 18. Rf1 Nf6 19. Nf3 {intending Ng5.} Ne4 20. Be1 Rf6 21. Nd2 Ng5 22. Rf4 Rg6 23. d5 ({Don't blunder} 23. Rh4 $2 Qxh4 $1 {[%mdl 512]} 24. d5 Nh3+ 25. Kf1 Qh6 $19) 23... e5 24. Rf1 ({But not} 24. Rh4 $2 Qxh4 $1 {[%mdl 512]} 25. Kh1 Qh3 $19) 24... Rf8 25. b4 (25. Qg2 $142) 25... axb4 26. axb4 {[#]} h5 (26... b5 $142 $1 {[%mdl 512] Threatens to win with ...bxc4.} 27. Ra1 (27. cxb5 Bxd5) 27... bxc4 28. Qxc4 {[#]} f4 $1 {[%mdl 512]} 29. exf4 exf4) 27. b5 $2 (27. Qg2 {was worth a try.}) 27... Bc8 28. Qg2 {[#]} f4 $1 {[%cal Bf5f4,Bf4e3][%mdl 544]} 29. Qxh3 (29. exf4 Qxg2+) 29... Bxh3 30. Rf2 $2 (30. exf4 Bxf1 31. fxg5) 30... fxe3 31. Rxf8+ Kxf8 {Precision: White = 23%, Black = 83%.} 0-1

[Event "Maria Albulet Memorial 2018"]
[Site "Braila"]
[Date "2018.11.10"]
[Round "9"]
[White "Rakhmangulova, Anastasiya"]
[Black "Babiy, Olga"]
[Result "1-0"]
[WhiteElo "2210"]
[BlackElo "2314"]
[Annotator "TA"]
[PlyCount "113"]
[EventDate "2018.11.03"]
[EventType "swiss"]
[EventCountry "ROU"]
[SourceTitle "playchess.com"]
[Source "ChessBase"]
[SourceQuality "1"]

{[%evp 18,113,38,31,37,10,16,-7,0,0,8,12,0,0,17,3,27,0,18,16,31,32,27,2,1,0,0,0,0,-2,0,0,5,0,60,58,67,43,48,0,65,58,60,68,60,52,113,53,65,0,98,68,79,65,122,104,266,279,267,268,279,290,276,281,286,281,277,268,258,254,251,3,34,0,0,0,0,0,0,0,715,709,625,620,620,596,579,577,541,287,540,349,356,350,1162,992,29986,29987]} 1. e4 c5 2. Nf3 e6 3. d4 cxd4 4. Nxd4 Nc6 5. Nc3 d6 6. Be3 a6 7. Be2 Nf6 8. O-O Bd7 9. f4 Be7 10. Bf3 {LiveBook: 10 Partien. B84: Sizilianisch (Scheveninger System)} (10. Kh1 O-O 11. a4 Rc8 12. Nb3 Nb4 13. a5 e5 14. Qd2 Be6 15. Bf3 exf4 16. Bxf4 d5 17. Nd4 dxe4 18. Nxe4 Nxc2 19. Nxc2 Qxd2 20. Bxd2 Rxc2 21. Bc3 {½-½ (40) Korneev,O (2547)-Artemiev,V (2703) Kazan 2018}) 10... Rc8 11. Qe1 O-O 12. Qg3 {Die Stellung ist ausgeglichen.} b5 13. a3 Nxd4 $146 ({Vorgänger:} 13... Ne8 14. Rad1 {1-0 (31) Sanchez Ones,Y (2010)-Rodriguez Gomez,J (1969) Havana 2011}) 14. Bxd4 a5 15. e5 dxe5 16. fxe5 Ne8 (16... Bc6 $5 {[%cal Rd8d4]} 17. Be3 Ne8 $16) 17. Rad1 Qc7 18. Ne4 b4 19. axb4 axb4 20. Rf2 (20. c4 {with more complications.} bxc3 21. bxc3 Bc6 22. Rb1 Bd5 23. Rb6) 20... Bc6 21. Rfd2 Bxe4 22. Bxe4 g6 23. Qf2 Ng7 24. g4 $36 {[%mdl 2048] Weiss hat gut koordiniertes Spiel.} h5 25. h3 Bg5 (25... Bc5 $11) 26. Re2 $14 Rfd8 27. Kg2 {Und Lb6 würde nun gewinnen.} Qe7 28. Ra1 Rd7 (28... Bh4 $11 29. Qe3 hxg4 30. hxg4 Bg5) 29. c3 Rdc7 30. Qf3 Rb8 31. Ra5 Qd8 {[#]} (31... Bc1 $14) 32. Ra4 ({Günstiger ist} 32. Ba7 $1 $16 {[%cal Ra7b8]} hxg4 33. hxg4 (33. Qxg4 Rcc8 $14)) 32... Qd7 33. Ra5 ({Lieber} 33. Ra6 $14) 33... Qe8 (33... Qd8 $1 $11) 34. Re1 Qd7 35. Rea1 Qe8 (35... Rbc8 $14) 36. Ra8 Rxa8 $2 (36... bxc3 $16 37. Bxc3 Rcc8) 37. Rxa8 $18 ({Weniger gut wäre} 37. Bxa8 bxc3 38. bxc3 Qb5 $16) 37... Rc8 {[#]} 38. Bc6 $1 {[%cal Rc6e8]} ({Schwächer ist} 38. cxb4 Rxa8 39. Bxa8 Bd2 $14) 38... Qd8 39. Rxc8 Qxc8 40. cxb4 Qd8 41. Qc3 hxg4 42. hxg4 {b5 ist eine echte Drohung.} Ne8 43. b5 Nc7 44. b6 $2 (44. Bb6 $18) 44... Nd5 $1 $11 {[%cal Rd5c3]} 45. Qb3 Nf4+ 46. Kh1 $1 {Droht b7 und aus.} Qxd4 47. b7 Ne2 {[%csl Ge2][%cal Rd4g1]} 48. b8=Q+ Kg7 $2 {[%mdl 8192]} (48... Bd8 $11 49. Qe3 Qxe3 50. Qxd8+ Kh7 51. Qh4+ Kg8 52. Qd8+ Kh7 53. Qh4+ Kg7 54. Qf6+ Kg8 55. Qd8+) 49. Q8b6 $18 Qxg4 50. Qf3 Qh4+ 51. Kg2 Nf4+ 52. Kf1 Nh5 53. Qa7 Qc4+ $2 (53... Ng3+ 54. Ke1 Nf5+ 55. Kd1 Ne3+ 56. Qfxe3 Bxe3 57. Qxe3 Qc4) 54. Kg1 Qc1+ 55. Kg2 Qxb2+ $2 (55... Nf4+ 56. Kh2 Qxb2+ 57. Qff2 Qb3) 56. Qaf2 Nf4+ 57. Qxf4 {Precision: Weiß = 49%, Schwarz = 38%.} 1-0

[Event "Maria Albulet Memorial 2018"]
[Site "Braila"]
[Date "2018.11.10"]
[Round "9"]
[White "Makropoulou, Marina"]
[Black "Ciolacu, Alessia-Mihaela"]
[Result "1/2-1/2"]
[WhiteElo "2110"]
[BlackElo "1972"]
[Annotator "TA"]
[PlyCount "83"]
[EventDate "2018.11.03"]
[EventType "swiss"]
[EventCountry "ROU"]
[SourceTitle "playchess.com"]
[Source "ChessBase"]
[SourceQuality "1"]

{[%evp 9,83,60,75,81,118,114,118,93,107,110,105,85,80,42,93,64,72,58,60,66,61,64,72,54,46,55,48,64,66,56,61,66,70,54,66,55,56,27,27,30,43,43,43,51,49,41,76,63,82,58,70,0,49,42,49,37,46,54,58,13,13,7,13,13,17,0,16,6,21,0,0,0,0,0,0,0]} 1. e4 e5 2. Nf3 Nc6 3. Nc3 {[%cal Bb1c3,Bc3d5,Bd5e3,Be3f5][%mdl 32]} Bb4 4. Nd5 Bc5 (4... Bd6 5. d4 exd4 6. Nxd4 Nge7 7. Nb5 Be5 8. f4 a6 9. fxe5 axb5 10. Bg5 h6 11. Bh4 g5 12. Bg3 Nxd5 13. exd5 Ne7 14. Qf3 c6 15. d6 Ng6 16. Bd3 O-O 17. O-O Kg7 18. Qh5 Qe8 19. Rf6 {1-0 (19) Andreikin,D (2713)-Ghaem Maghami,E (2554) Khanty-Mansiysk 2013}) 5. c3 Nge7 6. b4 $146 {C46: 3 Nc3: Unusual Black 3rd moves} ({Predecessor:} 6. d4 exd4 7. cxd4 Bd6 8. Nc3 Ng6 9. h4 h5 10. Bc4 Qe7 11. Ng5 Nd8 12. Nd5 {1-0 (43) Girya,O (2433)-Ubiennykh,E (2367) Moscow 2012}) 6... Bd6 7. Ne3 Ng6 8. Nf5 {White is better.} Bf8 9. Bc4 d6 10. Qb3 Qf6 11. d3 {[#] aiming for Bg5.} Be6 ({Black should try} 11... Nf4 $14) 12. Bg5 Bxc4 13. Qxc4 Qe6 14. Qb5 Rb8 15. O-O h6 16. Bd2 a6 17. Qa4 Nge7 18. d4 {And now Nxe7 would win.} Qd7 19. Rfe1 (19. d5 {with more complications.} Nd8 20. Qc2 Nxf5 21. exf5 b5 22. c4) 19... g6 20. Nxe7 Bxe7 21. Rad1 Bf6 {[%cal Re5d4]} 22. Bc1 Bg7 23. h3 exd4 24. cxd4 O-O 25. Qb3 Rbe8 26. a3 Re7 27. d5 Nd8 28. Bb2 Rfe8 29. Bxg7 Kxg7 30. Nd4 ({White should play} 30. Qc3+ $14 Kh7 31. Nh2) 30... Kh7 (30... Rxe4 {seems wilder.} 31. Ne6+ R8xe6 32. Qc3+ Kg8 33. dxe6 Rxe1+ 34. Rxe1 Nxe6 35. Qf6 Qc6) 31. f3 f5 {[%cal Rf5e4]} 32. Qc2 c6 33. dxc6 bxc6 34. Kh1 d5 {[%cal Rf5e4] The position is equal.} 35. Nb3 Qa7 {[%cal Rf5e4]} 36. Nc5 Nb7 37. Nb3 Qb6 {[%cal Rf5e4]} 38. Rc1 Re6 {[%cal Rf5e4]} 39. e5 Rxe5 40. Rxe5 Rxe5 41. Qc3 Re3 42. Qf6 {Precision: White = 51%, Black = 67%.} 1/2-1/2

[Event "Maria Albulet Memorial 2018"]
[Site "Braila"]
[Date "2018.11.10"]
[Round "9"]
[White "Nistor, Valentina"]
[Black "Didiliuc, Dariana-Gabriela"]
[Result "1/2-1/2"]
[WhiteElo "1881"]
[BlackElo "1784"]
[Annotator "NA RC"]
[PlyCount "79"]
[EventDate "2018.11.03"]
[EventType "swiss"]
[EventCountry "ROU"]
[SourceTitle "playchess.com"]
[Source "ChessBase"]
[SourceQuality "1"]
[TimeControl "40/5400+30:900+30"]

{[%evp 8,76,18,-10,-21,-10,32,-2,29,29,30,18,31,-35,-27,-32,26,14,61,47,57,34,48,36,49,36,30,39,29,0,0,0,10,0,4,-2,0,-22,-24,-16,23,-8,-6,-78,-79,-57,-57,-62,-58,-79,-17,-81,-25,-27,0,-117,0,-266,32767,32767,32767,32767,32767,32767,-166,-185,-129,-125,-131,-130,-132]} 1. e4 {[%emt 0:00:00]} e6 {[%emt 0:03:15]} 2. d4 {[%emt 0:00:00]} d5 {[%emt 0:00:08]} 3. Nd2 {[%emt 0:00:00]} c5 {[%emt 0:00:12]} 4. exd5 {[%emt 0:00:43]} exd5 {[%emt 0:00:16]} 5. dxc5 {[%emt 0:01:58]} Bxc5 {[%emt 0:00:17]} 6. Nb3 {[%emt 0:00:33] LiveBook: 27 Games} Bd6 {[%emt 0:01:47]} 7. c3 {[%emt 0:00:32] C08: French Tarrasch: 3...c5 4 exd5 exd5 sidelines} (7. Bd3 Nf6 8. Qe2+ Be7 9. Nf3 O-O 10. h3 Bb4+ 11. c3 Re8 12. Be3 Bd6 13. O-O Nc6 14. Nbd4 Ne4 15. c4 Nxd4 16. Nxd4 dxc4 17. Bxc4 Qf6 18. Qf3 {½-½ (18) Schramm,C (2354)-Froewis,G (2438) Bayern 2012}) 7... Ne7 {[%emt 0:00:26]} 8. Bd3 {[%emt 0:01:03]} Nbc6 {[%emt 0:01:19]} 9. h3 {[%emt 0:00:53]} O-O $146 {[%emt 0:00:54]} ({Predecessor:} 9... Ne5 10. Bc2 O-O 11. Nf3 N5g6 12. O-O b5 13. Nbd4 b4 14. Bd2 bxc3 15. Bxc3 {½-½ (23) Sheriff,R-Alothman,A (2061) Kuwait 2016}) 10. Qh5 {[%emt 0:03:17]} (10. Nf3 $11) 10... g6 {[%emt 0:03:20]} 11. Qd1 {[%emt 0:02:43]} Be5 {[%emt 0:01:45]} 12. Nf3 {[%emt 0:04:27]} Bg7 {[%emt 0:02:59]} 13. O-O {[%emt 0:00:33]} Bf5 {[%emt 0:03:12]} 14. Bg5 {[%emt 0:03:17]} Qd6 {[%emt 0:02:08]} 15. Be3 {[%emt 0:01:44]} Rfd8 {[%emt 0:04:46]} 16. Nbd4 {[%emt 0:06:09]} Be4 {[%emt 0:11:57]} 17. Re1 {[%emt 0:10:22]} a6 {[%emt 0:02:03]} 18. Ng5 {[%emt 0:05:14]} Bxd3 {[%emt 0:00:44]} 19. Qxd3 {[%emt 0:00:10]} Ne5 {[%emt 0:01:37]} 20. Qe2 {[%emt 0:01:38]} N7c6 {[%emt 0:01:27]} 21. b3 {[%emt 0:06:50]} Qf6 {[%emt 0:01:00]} 22. f4 {[%emt 0:14:43]} Nd7 {[%emt 0:01:10]} 23. Qd2 {[%emt 0:01:30]} Qd6 {[%emt 0:04:11]} 24. Rad1 {[%emt 0:05:37]} Nf6 {[%emt 0:00:30]} 25. Rf1 {[%emt 0:09:08]} (25. Nxc6 $11 {remains equal.} Qxc6 26. Qd3) 25... h6 {[%emt 0:00:43]} 26. Ngf3 {[%emt 0:00:49]} Ne4 {[%emt 0:00:10]} 27. Qd3 {[%emt 0:00:14]} Rac8 {[%emt 0:05:49]} 28. Rc1 $1 {[%emt 0:02:59]} b5 {[%emt 0:11:46]} 29. Rfd1 $1 $11 {[%emt 0:06:33]} Na5 {[%emt 0:01:15]} 30. Ne2 {[%emt 0:02:01]} Nc6 {[%emt 0:01:53]} 31. Nd2 {[%emt 0:01:43] [#]} Qe7 {[%emt 0:01:30]} (31... Nxc3 $1 $17 {[%mdl 512]} 32. Nxc3 (32. Rxc3 Nb4 $17) 32... Nb4) 32. Nd4 $2 {[%emt 0:00:56]} (32. Bb6 $11) 32... Nc5 {[%emt 0:08:13]} 33. Nxc6 {[%emt 0:01:39]} Rxc6 {[%emt 0:00:07]} 34. Qe2 {[%emt 0:04:06]} Re8 {[%emt 0:02:12]} 35. Nf1 {[%emt 0:00:40]} Ne4 {[%emt 0:04:35]} 36. Bd4 {[%emt 0:01:12]} Bxd4+ {[%emt 0:00:15]} 37. cxd4 {[%emt 0:00:17]} Nc3 {[%emt 0:00:31]} 38. Qxe7 {[%emt 0:01:16]} Rxe7 $17 {[%emt 0:00:06]} 39. Re1 {[%emt 0:00:10]} Rec7 {[%emt 0:00:33]} 40. Rc2 {[%emt 0:00:00]} 1/2-1/2

[Event "Maria Albulet Memorial 2018"]
[Site "Braila"]
[Date "2018.11.10"]
[Round "9"]
[White "Mihailova, Alina"]
[Black "Maria, Lia-Alexandra"]
[Result "1-0"]
[WhiteElo "1790"]
[BlackElo "1479"]
[Annotator "NA RC"]
[PlyCount "107"]
[EventDate "2018.11.03"]
[EventType "swiss"]
[EventCountry "ROU"]
[SourceTitle "playchess.com"]
[Source "ChessBase"]
[SourceQuality "1"]
[TimeControl "40/5400+30:900+30"]

1. d4 {[%emt 0:02:46]} d5 {[%emt 0:00:00]} 2. c4 {[%emt 0:00:09]} dxc4 {[%emt 0:00:00]} 3. e3 {[%emt 0:00:05]} Nf6 {[%emt 0:00:00]} 4. Nf3 {[%emt 0:00:30]} a6 {[%emt 0:00:10]} 5. Bxc4 {[%emt 0:00:08]} e6 {[%emt 0:00:14]} 6. O-O {[%emt 0:00:44]} b5 {[%emt 0:00:39]} 7. Be2 {[%emt 0:09:22]} Bb7 {[%emt 0:00:26]} 8. a4 {[%emt 0:01:25]} b4 {[%emt 0:02:11]} 9. a5 {[%emt 0:02:05]} Nbd7 {[%emt 0:01:12]} 10. Nbd2 {[%emt 0:02:23]} c5 {[%emt 0:01:17]} 11. Nc4 {[%emt 0:03:00]} Be7 {[%emt 0:01:46]} 12. Bd2 {[%emt 0:06:27]} O-O {[%emt 0:01:23]} 13. dxc5 {[%emt 0:06:54]} Bxc5 {[%emt 0:00:15]} 14. Qb3 {[%emt 0:00:35]} Rb8 {[%emt 0:01:09]} 15. Rfd1 {[%emt 0:00:57]} Qe7 {[%emt 0:00:41]} 16. Be1 {[%emt 0:01:23]} Rfc8 {[%emt 0:03:14]} 17. Rac1 {[%emt 0:07:18]} h5 {[%emt 0:06:51]} 18. Nfe5 {[%emt 0:03:23]} g6 {[%emt 0:04:47]} 19. Nd3 {[%emt 0:01:42]} Bd5 {[%emt 0:03:37]} 20. Nf4 {[%emt 0:04:00]} Bc6 {[%emt 0:01:10]} 21. Nd2 {[%emt 0:05:23]} Kg7 {[%emt 0:02:26]} 22. Bxa6 {[%emt 0:01:51]} Rh8 {[%emt 0:01:00]} 23. Bc4 {[%emt 0:03:50]} g5 {[%emt 0:04:41]} 24. Nd3 {[%emt 0:08:08]} h4 {[%emt 0:01:11]} 25. Nf1 {[%emt 0:03:25]} h3 {[%emt 0:00:59]} 26. g3 {[%emt 0:03:27]} Bf3 {[%emt 0:01:37]} 27. Rd2 {[%emt 0:01:37]} Ng4 {[%emt 0:00:48]} 28. Rdc2 {[%emt 0:02:21]} Bd6 {[%emt 0:00:35]} 29. Ra1 {[%emt 0:10:23]} Nde5 {[%emt 0:00:40]} 30. Nxe5 {[%emt 0:01:51]} Nxe5 {[%emt 0:00:06]} 31. Nd2 {[%emt 0:00:11]} Bg2 {[%emt 0:00:31]} 32. Be2 {[%emt 0:02:00]} g4 {[%emt 0:00:52]} 33. f4 {[%emt 0:03:28]} gxf3 {[%emt 0:00:17]} 34. Bd3 {[%emt 0:01:33]} Ng4 {[%emt 0:04:05]} 35. Bf1 {[%emt 0:01:45]} Qb7 {[%emt 0:02:08]} 36. Bf2 {[%emt 0:00:38]} Rh6 {[%emt 0:04:07]} 37. a6 {[%emt 0:00:35]} Qa8 {[%emt 0:00:41]} 38. Qd3 {[%emt 0:00:36]} Nxf2 {[%emt 0:02:18]} 39. Kxf2 {[%emt 0:00:24]} Rd8 {[%emt 0:01:06]} 40. Qe4 {[%emt 0:00:00]} Qa7 {[%emt 0:00:00]} 41. Qb7 {[%emt 0:04:51]} Qxb7 {[%emt 0:06:34]} 42. axb7 {[%emt 0:00:03]} Bxf1 {[%emt 0:00:41]} 43. Nxf1 {[%emt 0:00:43]} Rb8 {[%emt 0:01:39]} 44. Ra7 {[%emt 0:00:29]} Rhh8 {[%emt 0:00:22]} 45. Nd2 {[%emt 0:00:52]} Rhe8 {[%emt 0:00:33]} 46. Rc6 {[%emt 0:02:03]} Be5 {[%emt 0:01:03]} 47. Nc4 {[%emt 0:00:21]} Bf6 {[%emt 0:00:21]} 48. Nd6 {[%emt 0:02:36]} Rf8 {[%emt 0:00:47]} 49. Rc8 {[%emt 0:01:59]} Be7 {[%emt 0:01:00]} 50. Rxf8 {[%emt 0:01:00]} Bxf8 {[%emt 0:00:44]} 51. Nc8 {[%emt 0:02:04]} Bc5 {[%emt 0:00:29]} 52. Ra5 {[%emt 0:00:06]} Bf8 {[%emt 0:00:12]} 53. Rb5 {[%emt 0:00:06]} f6 {[%emt 0:01:53]} 54. Na7 {[%emt 0:00:23]} 1-0

[Event "Maria Albulet Memorial 2018"]
[Site "Braila"]
[Date "2018.11.10"]
[Round "9"]
[White "Otetea, Ioana"]
[Black "Hrib, Andrada-Ioana"]
[Result "1/2-1/2"]
[WhiteElo "1602"]
[BlackElo "1770"]
[Annotator "NA RC"]
[PlyCount "86"]
[EventDate "2018.11.03"]
[EventType "swiss"]
[EventCountry "ROU"]
[SourceTitle "playchess.com"]
[Source "ChessBase"]
[SourceQuality "1"]
[TimeControl "40/5400+30:900+30"]

1. e4 {[%emt 0:00:00]} c5 {[%emt 0:00:00]} 2. Nf3 {[%emt 0:00:00]} e6 {[%emt 0:00:11]} 3. d4 {[%emt 0:00:00]} cxd4 {[%emt 0:00:02]} 4. Nxd4 {[%emt 0:00:00]} a6 {[%emt 0:00:02]} 5. Nc3 {[%emt 0:00:00]} Qc7 {[%emt 0:00:04]} 6. g3 {[%emt 0:00:07]} Nf6 {[%emt 0:00:11]} 7. Bg2 {[%emt 0:00:15]} d6 {[%emt 0:00:14]} 8. a4 {[%emt 0:00:40]} Nc6 {[%emt 0:00:43]} 9. O-O {[%emt 0:00:08]} Be7 {[%emt 0:00:13]} 10. Nb3 {[%emt 0:01:29]} O-O {[%emt 0:01:57]} 11. f4 {[%emt 0:00:44]} Rb8 {[%emt 0:19:41]} 12. a5 {[%emt 0:00:53]} b5 {[%emt 0:05:17]} 13. axb6 {[%emt 0:00:30]} Qxb6+ {[%emt 0:00:02]} 14. Kh1 {[%emt 0:00:11]} Bb7 {[%emt 0:00:47]} 15. g4 {[%emt 0:06:15]} Rfc8 {[%emt 0:13:35]} 16. g5 {[%emt 0:01:15]} Nd7 {[%emt 0:00:05]} 17. Rf3 {[%emt 0:05:49]} Nb4 {[%emt 0:06:02]} 18. Na4 {[%emt 0:05:39]} Qd8 {[%emt 0:02:34]} 19. c3 {[%emt 0:02:04]} Bxe4 {[%emt 0:01:49]} 20. cxb4 {[%emt 0:02:54]} Bxf3 {[%emt 0:00:01]} 21. Qxf3 {[%emt 0:03:02]} Rxb4 {[%emt 0:02:58]} 22. Bd2 {[%emt 0:01:16]} Rbb8 {[%emt 0:02:00]} 23. Nd4 {[%emt 0:05:34]} d5 {[%emt 0:03:31]} 24. Bc3 {[%emt 0:04:26]} Bb4 {[%emt 0:01:02]} 25. Bf1 {[%emt 0:04:06]} Bxc3 {[%emt 0:02:32]} 26. bxc3 {[%emt 0:04:41]} Qa5 {[%emt 0:01:52]} 27. Qd1 {[%emt 0:00:25]} Nc5 {[%emt 0:06:19]} 28. Nxc5 {[%emt 0:01:12]} Qxc5 {[%emt 0:00:02]} 29. Bxa6 {[%emt 0:03:47]} Rc7 {[%emt 0:00:41]} 30. Nb5 {[%emt 0:03:25]} Rc6 {[%emt 0:00:42]} 31. Nd4 {[%emt 0:02:47]} Rc7 {[%emt 0:03:27]} 32. Bd3 {[%emt 0:07:54]} Rcb7 {[%emt 0:07:05]} 33. Qc2 {[%emt 0:03:31]} g6 {[%emt 0:00:04]} 34. Ra2 {[%emt 0:01:16]} Qc7 {[%emt 0:04:18]} 35. Qd2 {[%emt 0:02:10]} Qc5 {[%emt 0:02:54]} 36. h4 {[%emt 0:05:15]} Rc7 {[%emt 0:05:08]} 37. Rc2 {[%emt 0:03:48]} Qa5 {[%emt 0:00:29]} 38. Rc1 {[%emt 0:02:29]} Rbc8 {[%emt 0:02:13]} 39. Ne2 {[%emt 0:02:22]} d4 {[%emt 0:05:05]} 40. Nxd4 {[%emt 0:00:00]} Rxc3 {[%emt 0:00:00]} 41. Rxc3 {[%emt 0:04:28]} Rxc3 {[%emt 0:02:44]} 42. Kh2 {[%emt 0:01:20]} Qc5 {[%emt 0:07:46]} 43. Nf3 {[%emt 0:03:17]} Ra3 {[%emt 0:03:18]} 1/2-1/2